000 01233cam a22002175a 4500
001 L158115
008 140623s2014 xxk f 000 0 eng d
035 _a(Sirsi) u158115
041 0 _aeng
110 2 _aUnited Kingdom
_bCabinet Office
_95270
245 0 4 _aThe state of the Estate in 2013
_h[electronic resource]
260 _aLondon
_cCabinet Office
_b2014
520 _aProvides an annual overview and statistical data on the size, ownership, geographical distribution and use of central government buildings. Excludes defence military estate, prisons, NHS estate, DEFRA rural estate, Foreign and Commonwealth Office, Home Office and overseas property. Shows how the UK Government has reduced the size of its estate by 500, 000 sq metres and running costs by £240 million and is introducing a number of sustainable measures to reduce its greenhouse gas emissions.
590 _aKA
651 4 _aUnited Kingdom
_y
690 _aCommercial property
_96227
690 _aFacilities management
_96240
690 _aSustainability
_96271
856 4 0 _uhttps://www.gov.uk/government/uploads/system/uploads/attachment_data/file/317974/StateOfEstate2013.pdf
_zView the item free of charge from the www.gov.uk website.
942 _n0
999 _c115149
_d115149